000 02304cam a2200181 4500500
005 20260329011152.0
041 _afre
042 _adc
100 1 0 _aZongo, Issa
_eauthor
700 1 0 _aDabat-Partiot,
_eauthor
245 0 0 _aEffet du triple ensachage du niébé sur le pouvoir de marché des producteurs dans la région nord du Burkina Faso
260 _c2025.
500 _a64
520 _aLa lutte contre le réchauffement climatique nécessite une action déterminée qui passe par une réallocation du capital et des flux financiers cohérents avec les 2˚C. La mise en place de politiques climatiques adéquates sera cruciale pour faire émerger ce processus. Parallèlement, le secteur financier peut jouer un rôle complémentaire et renforcer leur efficacité dans la mesure où la reconnaissance des risques et opportunités climatiques par le secteur financier contribue à cette réallocation. La compréhension des mécanismes à l’œuvre, la disponibilité d’informations sur les conséquences financières du changement climatique ainsi qu’une appropriation des enjeux climatiques par les institutions financières en sont des facteurs clés. Plusieurs initiatives ont été mises en place en ce sens par les pouvoirs publics, notamment en France.
520 _aThe Financial Sector Facing the Transition to a Low-Carbon Climate-Resilient Economy Successfully addressing global warming requires decisive actions and hinges on a 2˚C-consistent reallocation of capital and financial flows. The implementation of adequate climate policies will be decisive to foster this process. The financial sector can play a complementary role to enhance the effectiveness of these policies, as the recognition of the risks and opportunities related to climate change contributes to this reallocation. Understanding the issues at play, the availability of data on the financial consequences of climate change as well as an appropriation of climate issues by the financial sector are key factors for risk management. Several policy measures have been implemented in this respect, particularly in France.
786 0 _nÉconomie rurale | 394 | 4 | 2025-11-21 | p. 75-92 | 0013-0559
856 4 1 _uhttps://shs.cairn.info/revue-economie-rurale-2025-4-page-75?lang=fr&redirect-ssocas=7080
999 _c1859267
_d1859267